| 000 | 00334nam a22001217a 4500 | ||
|---|---|---|---|
| 008 | 140529t xxu||||| |||| 00| 0 eng d | ||
| 020 | _a978-81-309-0708-6 | ||
| 100 |
_aJoseph Panno _9909 |
||
| 240 | _aThe New Biology Series | ||
| 245 |
_aStem Cell Research _bMedical applications & ethical controversy |
||
| 300 | _a178 | ||
| 942 |
_2ddc _cBK |
||
| 999 |
_c17147 _d17147 |
||